[Event "CRO-chT2 Qual 1B Liga"]
[Site "Slavonski Brod"]
[Date "2022.11.20"]
[Round "3.6"]
[White "Brnas, Augustin"]
[Black "Soldo, Josip"]
[Result "1-0"]
[WhiteElo "2167"]
[BlackElo "2078"]
[PlyCount "51"]
[EventDate "2022.11.18"]
[EventType "team-tourn"]
[EventRounds "3"]
[EventCountry "CRO"]
[SourceTitle "EXT 2024"]
[Source "ChessBase"]
[SourceDate "2023.10.10"]
[SourceVersion "1"]
[SourceVersionDate "2023.10.10"]
[SourceQuality "1"]
[WhiteTeam "Dubrovnik"]
[BlackTeam "Slavonski Brod Djakovic"]
[WhiteTeamCountry "CRO"]
[BlackTeamCountry "CRO"]

1. e4 c5 2. Nf3 e6 3. c4 d5 4. cxd5 exd5 5. exd5 Qxd5 6. Bb5+ Bd7 7. Qe2+ Be7 8. Nc3 Qe6 9. 0-0 Bxb5 10. Nxb5 Qb6 11. Ne5 a6 12. Nc4 Qd8 13. Nbd6+ Kf8 14. Nxb7 Qc7 15. Qf3 Ra7 16. Nba5 g6 17. d3 Nd7 18. Bf4 Qc8 19. Nc6 Rb7 20. Nxe7 Qa8 21. Nd6 Rb8 22. Nd5 Kg7 23. Rfe1 Ngf6 24. Nxf6 Nxf6 25. Bh6+ Kxh6 26. Qxf6 1-0

[Event "CRO-chT1B 28th"]
[Site "Mali Losinj"]
[Date "2019.10.04"]
[Round "7.36"]
[White "Brnas, Augustin"]
[Black "Zelic, Mladen"]
[Result "0-1"]
[WhiteElo "2200"]
[BlackElo "2209"]
[PlyCount "60"]
[EventDate "2019.09.28"]
[EventType "team-tourn"]
[EventRounds "9"]
[EventCountry "CRO"]
[SourceTitle "EXT 2020"]
[Source "ChessBase"]
[SourceDate "2019.10.17"]
[SourceVersion "1"]
[SourceVersionDate "2019.10.17"]
[SourceQuality "1"]
[WhiteTeam "Dubrovnik"]
[BlackTeam "Bibinje Goran"]
[WhiteTeamCountry "CRO"]
[BlackTeamCountry "CRO"]

1. e4 e5 2. Nf3 Nc6 3. Bb5 f5 4. d3 fxe4 5. dxe4 Nf6 6. 0-0 d6 7. Nc3 Be7 8. Qd3 0-0 9. Qc4+ Kh8 10. Ng5 Nd4 11. Qd3 Nh5 12. Nh3 c6 13. Bc4 b5 14. Bb3 Nf3+ 15. gxf3 Bxh3 16. Re1 Rf6 17. Ne2 Rg6+ 18. Kh1 Bg2+ 19. Kg1 Qd7 20. Bf7 Qh3 21. Ng3 Nf4 22. Bxf4 exf4 23. Bxg6 hxg6 24. Re2 Rf8 25. Rae1 d5 26. exd5 fxg3 27. fxg3 Bc5+ 28. Re3 Bxf3 29. Qf1 Qxf1+ 30. Kxf1 Bxd5+ 0-1

[Event "CRO-chT1B 28th"]
[Site "Mali Losinj"]
[Date "2019.10.03"]
[Round "6.46"]
[White "Matanovic, Luka"]
[Black "Brnas, Augustin"]
[Result "1/2-1/2"]
[WhiteElo "2245"]
[BlackElo "2200"]
[PlyCount "69"]
[EventDate "2019.09.28"]
[EventType "team-tourn"]
[EventRounds "9"]
[EventCountry "CRO"]
[SourceTitle "EXT 2020"]
[Source "ChessBase"]
[SourceDate "2019.10.17"]
[SourceVersion "1"]
[SourceVersionDate "2019.10.17"]
[SourceQuality "1"]
[WhiteTeam "Slavonski Brod Dakovic"]
[BlackTeam "Dubrovnik"]
[WhiteTeamCountry "CRO"]
[BlackTeamCountry "CRO"]

1. e4 e5 2. Nf3 Nc6 3. Bb5 a6 4. Ba4 Nf6 5. 0-0 Be7 6. Re1 b5 7. Bb3 d6 8. c3 0-0 9. h3 Na5 10. Bc2 c5 11. d4 Qc7 12. d5 c4 13. b4 cxb3 14. axb3 Bd7 15. Ba3 Bd8 16. Nbd2 Re8 17. Ra2 Qb8 18. Qe2 Nh5 19. Rea1 Nf4 20. Qe1 Nb7 21. c4 Bb6 22. cxb5 axb5 23. Bxd6 Qxd6 24. Rxa8 Qg6 25. Rxe8+ Bxe8 26. Nh4 Qg3 27. Ra8 Kf8 28. Kf1 Qxh4 29. Nf3 Qe7 30. Qc3 f6 31. Qc6 Bd8 32. Qc8 Bb6 33. Qc6 Bd8 34. Qc8 Bb6 35. Qc6 1/2-1/2

[Event "CRO-chT1A 27th"]
[Site "Biograd"]
[Date "2018.09.12"]
[Round "5.25"]
[White "Brnas, Augustin"]
[Black "Plenca, Jadranko"]
[Result "0-1"]
[WhiteElo "2190"]
[BlackElo "2477"]
[PlyCount "56"]
[EventDate "2018.09.08"]
[EventType "team-tourn"]
[EventRounds "9"]
[EventCountry "CRO"]
[SourceTitle "CBM 186 Extra"]
[Source "ChessBase"]
[SourceDate "2018.08.24"]
[SourceVersion "1"]
[SourceVersionDate "2018.08.24"]
[SourceQuality "1"]
[WhiteTeam "Dubrovnik"]
[BlackTeam "Rijeka Liburnija"]
[WhiteTeamCountry "CRO"]
[BlackTeamCountry "CRO"]

1. e4 e5 2. Nf3 Nc6 3. Bb5 a6 4. Ba4 Nf6 5. 0-0 b5 6. Bb3 Bb7 7. c3 Nxe4 8. d4 exd4 9. Re1 d5 10. Ng5 Qf6 11. f3 h6 12. fxe4 hxg5 13. exd5+ Ne7 14. Qg4 Qd6 15. h3 f6 16. cxd4 Qd7 17. Qe4 0-0-0 18. Nc3 Nxd5 19. Qe2 Kb8 20. a4 Nf4 21. Bxf4 gxf4 22. d5 Bc5+ 23. Kh2 Bd6 24. Kg1 Rde8 25. Qd3 Rxe1+ 26. Rxe1 Re8 27. Rxe8+ Qxe8 28. axb5 Qe1+ 0-1

[Event "CRO-chT1B 26th"]
[Site "Mali Losinj"]
[Date "2017.10.02"]
[Round "5.35"]
[White "Sertic, Rudolf"]
[Black "Brnas, Augustin"]
[Result "1/2-1/2"]
[WhiteElo "2382"]
[BlackElo "2203"]
[PlyCount "30"]
[EventDate "2017.09.28"]
[EventType "team-tourn"]
[EventRounds "9"]
[EventCountry "CRO"]
[SourceTitle "EXT 2018"]
[Source "ChessBase"]
[SourceDate "2017.10.13"]
[SourceVersion "1"]
[SourceVersionDate "2017.10.13"]
[SourceQuality "1"]
[WhiteTeam "Djakovo Limmont"]
[BlackTeam "Dubrovnik"]
[WhiteTeamCountry "CRO"]
[BlackTeamCountry "CRO"]

1. c4 Nf6 2. Nc3 g6 3. g3 Bg7 4. Bg2 0-0 5. e4 d6 6. Nge2 c5 7. 0-0 Nc6 8. h3 e5 9. d3 Be6 10. Bg5 Qd7 11. Bxf6 Bxf6 12. Nd5 Bg7 13. Kh2 f5 14. exf5 gxf5 15. f4 Rf7 1/2-1/2

[Event "CRO-chT1B 26th"]
[Site "Mali Losinj"]
[Date "2017.09.30"]
[Round "3.2"]
[White "Franic, Milan"]
[Black "Brnas, Augustin"]
[Result "1-0"]
[WhiteElo "2356"]
[BlackElo "2203"]
[PlyCount "67"]
[EventDate "2017.09.28"]
[EventType "team-tourn"]
[EventRounds "9"]
[EventCountry "CRO"]
[SourceTitle "EXT 2018"]
[Source "ChessBase"]
[SourceDate "2017.10.13"]
[SourceVersion "1"]
[SourceVersionDate "2017.10.13"]
[SourceQuality "1"]
[WhiteTeam "Pula"]
[BlackTeam "Dubrovnik"]
[WhiteTeamCountry "CRO"]
[BlackTeamCountry "CRO"]

1. d4 Nf6 2. Bg5 Ne4 3. Bf4 c5 4. f3 Qa5+ 5. c3 Nf6 6. d5 Qb6 7. b3 g6 8. e4 Bg7 9. Bc4 d6 10. Ne2 Nbd7 11. a4 0-0 12. 0-0 Qc7 13. Na3 Nh5 14. Bg5 Ne5 15. g4 Nf6 16. Ng3 Nxc4 17. Nxc4 Bd7 18. Rf2 b6 19. Bf4 Be8 20. e5 dxe5 21. Bxe5 Qb7 22. Rd2 Rd8 23. Ne3 Bh6 24. f4 Nd7 25. Ngf5 Bg5 26. h4 gxf5 27. hxg5 f6 28. gxf6 Nxe5 29. fxe5 exf6 30. e6 fxg4 31. Qxg4+ Kh8 32. Qf4 Rg8+ 33. Kh2 Qg7 34. Rf1 1-0

[Event "CRO-chT1B 25th"]
[Site "Sibenik"]
[Date "2016.10.12"]
[Round "5.2"]
[White "Bobanac, Miro"]
[Black "Brnas, Augustin"]
[Result "1-0"]
[WhiteElo "2275"]
[BlackElo "2224"]
[PlyCount "99"]
[EventDate "2016.10.08"]
[EventType "team-tourn"]
[EventRounds "9"]
[EventCountry "CRO"]
[SourceTitle "EXT 2017"]
[Source "ChessBase"]
[SourceDate "2016.10.25"]
[SourceVersion "1"]
[SourceVersionDate "2016.10.25"]
[SourceQuality "1"]
[WhiteTeam "Split Mornar"]
[BlackTeam "Dubrovnik"]
[WhiteTeamCountry "CRO"]
[BlackTeamCountry "CRO"]

1. Nf3 d5 2. b3 Nf6 3. g3 g6 4. Bb2 Bg7 5. Bg2 c5 6. 0-0 Nc6 7. d3 0-0 8. Nbd2 d4 9. Nc4 Nd5 10. a4 b6 11. Qd2 Rb8 12. e4 dxe3 13. fxe3 Bh6 14. Rae1 f6 15. Qf2 e5 16. Nfd2 a6 17. a5 b5 18. Nb6 Be6 19. Nxd5 Bxd5 20. Ne4 Bxe4 21. Bxe4 Nxa5 22. Qf3 Qb6 23. d4 cxd4 24. exd4 Rbd8 25. Bd5+ Kh8 26. Kg2 Qd6 27. c4 Bg7 28. Ra1 Qb6 29. c5 Qc7 30. Bc3 e4 31. Qxe4 Qd7 32. Rxa5 Rfe8 33. Qf3 Qxd5 34. Qxd5 Rxd5 35. Rxa6 f5 36. Re1 Rb8 37. Rd6 Rxd6 38. cxd6 Kg8 39. Ba5 Bf6 40. d5 Kf7 41. d7 b4 42. Re6 Be7 43. Bb6 g5 44. Kf3 h5 45. Ke2 g4 46. Kd3 h4 47. Rxe7+ Kxe7 48. d8Q+ Rxd8 49. Bxd8+ Kxd8 50. gxh4 1-0

[Event "CRO-chT1B 25th"]
[Site "Sibenik"]
[Date "2016.10.10"]
[Round "3.3"]
[White "Cebalo, Miso"]
[Black "Brnas, Augustin"]
[Result "1-0"]
[WhiteElo "2370"]
[BlackElo "2224"]
[PlyCount "35"]
[EventDate "2016.10.08"]
[EventType "team-tourn"]
[EventRounds "9"]
[EventCountry "CRO"]
[SourceTitle "EXT 2017"]
[Source "ChessBase"]
[SourceDate "2016.10.25"]
[SourceVersion "1"]
[SourceVersionDate "2016.10.25"]
[SourceQuality "1"]
[WhiteTeam "Pozega"]
[BlackTeam "Dubrovnik"]
[WhiteTeamCountry "CRO"]
[BlackTeamCountry "CRO"]

1. d4 Nf6 2. Bg5 Ne4 3. Bf4 c5 4. f3 Qa5+ 5. c3 Nf6 6. d5 Qb6 7. b3 g6 8. e4 Bg7 9. Qd2 h6 10. Na3 d6 11. Nc4 Qd8 12. a4 Nbd7 13. Nh3 Nb6 14. Nf2 Nxc4 15. Bxc4 Qa5 16. b4 Qc7 17. Rc1 Bd7 18. Qa2 1-0

[Event "CRO-chT1B 25th"]
[Site "Sibenik"]
[Date "2016.10.09"]
[Round "2.3"]
[White "Glavas, Dragan"]
[Black "Brnas, Augustin"]
[Result "1-0"]
[WhiteElo "2249"]
[BlackElo "2224"]
[PlyCount "81"]
[EventDate "2016.10.08"]
[EventType "team-tourn"]
[EventRounds "9"]
[EventCountry "CRO"]
[SourceTitle "EXT 2017"]
[Source "ChessBase"]
[SourceDate "2016.10.25"]
[SourceVersion "1"]
[SourceVersionDate "2016.10.25"]
[SourceQuality "1"]
[WhiteTeam "Pula"]
[BlackTeam "Dubrovnik"]
[WhiteTeamCountry "CRO"]
[BlackTeamCountry "CRO"]

1. d4 Nf6 2. c4 g6 3. f3 d5 4. cxd5 Nxd5 5. e4 Nb6 6. Nc3 Bg7 7. Be3 0-0 8. Qd2 Nc6 9. 0-0-0 e5 10. d5 Nd4 11. f4 Bg4 12. Re1 c5 13. fxe5 Bxe5 14. h3 Bd7 15. Nf3 Nxf3 16. gxf3 Na4 17. Nxa4 Bxa4 18. Kb1 Rc8 19. Rc1 b6 20. h4 Bd7 21. h5 Bd6 22. Bh3 Rc7 23. f4 Bxh3 24. Rxh3 f6 25. Qh2 Qe8 26. Qg2 Rg7 27. e5 fxe5 28. fxe5 gxh5 29. Rg3 Qxe5 30. Rxg7+ Qxg7 31. Qh3 Qg6+ 32. Ka1 Re8 33. a3 Re4 34. Rg1 Rg4 35. Rf1 Qd3 36. Qf3 Qg6 37. Ka2 h4 38. Bh6 Qxh6 39. Qxg4+ Kh8 40. Qc8+ Kg7 41. Qd7+ 1-0

[Event "CRO-chT1B 24th"]
[Site "Bol"]
[Date "2015.10.07"]
[Round "5.56"]
[White "Glavas, Dragan"]
[Black "Brnas, Augustin"]
[Result "1-0"]
[WhiteElo "2228"]
[BlackElo "2244"]
[PlyCount "123"]
[EventDate "2015.10.03"]
[EventType "team-tourn"]
[EventRounds "9"]
[EventCountry "CRO"]
[SourceTitle "CBM 168 Extra"]
[Source "ChessBase"]
[SourceDate "2015.10.29"]
[SourceVersion "1"]
[SourceVersionDate "2015.10.29"]
[SourceQuality "1"]
[WhiteTeam "Pula CC"]
[BlackTeam "Dubrovnik"]
[WhiteTeamCountry "CRO"]
[BlackTeamCountry "CRO"]

1. d4 Nf6 2. c4 g6 3. Nc3 d5 4. cxd5 Nxd5 5. Bd2 Bg7 6. e4 Nxc3 7. Bxc3 0-0 8. Qd2 Nc6 9. Nf3 Bg4 10. d5 Bxc3 11. Qxc3 Bxf3 12. gxf3 Nb8 13. h4 c6 14. h5 cxd5 15. hxg6 d4 16. Qd2 Qb6 17. Rxh7 Qxg6 18. Rh6 Qg7 19. Rh3 Qf6 20. Bd3 Rc8 21. Ke2 Kf8 22. Rah1 Ke8 23. Rh6 Qg7 24. Rh7 Qf6 25. R1h6 Qe5 26. Rh5 Qe6 27. R7h6 f6 28. Rh8+ Kd7 29. Rxc8 Kxc8 30. Qc2+ Kd7 31. Rh8 Qc6 32. Qb3 Kc7 33. Qb4 Qd6 34. Qc4+ Kb6 35. Qb5+ Kc7 36. Qe8 Qd7 37. Qf8 a6 38. Rh7 Kd6 39. Rh5 Kc6 40. Rd5 Qc7 41. Rxd4 Kb6 42. Rc4 Qd6 43. Rc8 Ka7 44. a3 Qe5 45. b4 Qb2+ 46. Ke3 Qe5 47. f4 Qd6 48. Rd8 Qc7 49. Rc8 Qd7 50. f5 Qd6 51. Re8 Qb6+ 52. Ke2 Qd4 53. Qxe7 Nc6 54. Qc5+ Qxc5 55. Rxa8+ Kxa8 56. bxc5 Nd4+ 57. Ke3 Nb3 58. c6 b5 59. e5 fxe5 60. f6 Nd4 61. f7 Ne6 62. f8Q+ 1-0

[Event "CRO-chT1B 24th"]
[Site "Bol"]
[Date "2015.10.04"]
[Round "2.25"]
[White "Brnas, Augustin"]
[Black "Jusic, Zdenko"]
[Result "0-1"]
[WhiteElo "2244"]
[BlackElo "2280"]
[PlyCount "66"]
[EventDate "2015.10.03"]
[EventType "team-tourn"]
[EventRounds "9"]
[EventCountry "CRO"]
[SourceTitle "CBM 168 Extra"]
[Source "ChessBase"]
[SourceDate "2015.10.29"]
[SourceVersion "1"]
[SourceVersionDate "2015.10.29"]
[SourceQuality "1"]
[WhiteTeam "Dubrovnik"]
[BlackTeam "Bibinje Goran"]
[WhiteTeamCountry "CRO"]
[BlackTeamCountry "CRO"]

1. e4 d6 2. d4 Nf6 3. Nc3 e5 4. Nf3 Nbd7 5. Bc4 Be7 6. Bxf7+ Kxf7 7. Ng5+ Kg8 8. Ne6 Qe8 9. Nxc7 Qg6 10. Nxa8 Qxg2 11. Rf1 exd4 12. Ne2 Ne5 13. Nxd4 Bg4 14. f3 Nxe4 15. Qe2 Bh4+ 16. Kd1 Nf2+ 17. Kd2 Bxf3 18. Nxf3 Nxf3+ 19. Kc3 Ne5 20. Kb3 Qh3+ 21. c3 Qe6+ 22. Kc2 Qg6+ 23. Kb3 Qe8 24. Bf4 Qf7+ 25. Ka3 Qxf4 26. b3 h6 27. Rad1 Kh7 28. Rd4 Qf6 29. Nc7 Rf8 30. Nd5 Qg5 31. Nc7 Rf3 32. Ne6 Qf6 33. Rxd6 Rxc3 0-1

[Event "CRO-chT1B"]
[Site "Bol"]
[Date "2014.10.12"]
[Round "9.1"]
[White "Ivic, Mateo"]
[Black "Brnas, Augustin"]
[Result "1/2-1/2"]
[WhiteElo "2333"]
[BlackElo "2295"]
[PlyCount "60"]
[EventDate "2014.10.04"]
[EventType "team-tourn"]
[EventRounds "9"]
[EventCountry "CRO"]
[SourceTitle "CBM 162 Extra"]
[Source "ChessBase"]
[SourceDate "2014.10.17"]
[SourceVersion "1"]
[SourceVersionDate "2014.10.17"]
[SourceQuality "1"]
[WhiteTeam "Split Brda"]
[BlackTeam "Dubrovnik"]
[WhiteTeamCountry "CRO"]
[BlackTeamCountry "CRO"]

1. e4 e5 2. Nf3 Nc6 3. Bb5 a6 4. Ba4 Nf6 5. Qe2 b5 6. Bb3 Bc5 7. c3 0-0 8. 0-0 d6 9. Rd1 Qe7 10. d3 Bb6 11. Be3 Rb8 12. Nbd2 Be6 13. Nf1 Na5 14. Bxe6 fxe6 15. b4 Nc6 16. Bxb6 Rxb6 17. Ng3 Qe8 18. a3 Ne7 19. d4 Ng6 20. dxe5 dxe5 21. c4 h5 22. h4 Ng4 23. cxb5 axb5 24. Qd2 Nf4 25. Qd7 Qxd7 26. Rxd7 Rc6 27. Rd2 Rf7 28. Rd8+ Rf8 29. Rd2 Rf7 30. Rd8+ Rf8 1/2-1/2

[Event "CRO-chT2"]
[Site "Bol"]
[Date "2013.09.18"]
[Round "5.2"]
[White "Brnas, Augustin"]
[Black "Maras, Mile"]
[Result "1-0"]
[WhiteElo "2311"]
[BlackElo "2221"]
[PlyCount "99"]
[EventDate "2013.09.14"]
[EventType "team-tourn"]
[EventRounds "9"]
[EventCountry "CRO"]
[SourceTitle "CBM 156 Extra"]
[Source "ChessBase"]
[SourceDate "2013.10.22"]
[SourceVersion "1"]
[SourceVersionDate "2013.10.22"]
[SourceQuality "1"]
[WhiteTeam "Dubrovnik"]
[BlackTeam "Pozega"]
[WhiteTeamCountry "CRO"]
[BlackTeamCountry "CRO"]

1. e4 c5 2. Nf3 d6 3. Bb5+ Bd7 4. Bxd7+ Qxd7 5. 0-0 Nc6 6. c4 g6 7. d4 cxd4 8. Nxd4 Bg7 9. Be3 Nf6 10. f3 0-0 11. Nc3 Rfd8 12. Nde2 h6 13. Qd2 Kh7 14. Rac1 e6 15. Rfd1 Qe7 16. Nb5 Ne8 17. Nec3 b6 18. Qf2 Rab8 19. Nd4 Nxd4 20. Bxd4 Bxd4 21. Rxd4 a6 22. a4 Rdc8 23. Qd2 Qg5 24. f4 Qc5 25. Kh1 b5 26. cxb5 axb5 27. axb5 Kg7 28. Rf1 Qh5 29. f5 Qg5 30. fxe6 fxe6 31. Qf2 Qe7 32. Ra4 Rb7 33. Ra6 Nc7 34. Rc6 Rf8 35. Qxf8+ Qxf8 36. Rxf8 Kxf8 37. b6 Ne8 38. Na4 Ke7 39. Kg1 Kd7 40. Rc4 e5 41. Kf2 Ng7 42. Ke2 Ne6 43. Kd2 Nd4 44. Kd3 Nc6 45. Rc1 Ne7 46. Kc4 Nc6 47. Kb5 Nb8 48. Nc3 Kd8 49. Rf1 Ke8 50. Nd5 1-0

[Event "CRO-chT1B 20th"]
[Site "Sibenik"]
[Date "2011.10.09"]
[Round "6.2"]
[White "Brnas, Augustin"]
[Black "Vargic, Drago"]
[Result "0-1"]
[WhiteElo "2286"]
[BlackElo "2353"]
[PlyCount "90"]
[EventDate "2011.10.04"]
[EventType "team-tourn"]
[EventRounds "9"]
[EventCountry "CRO"]
[SourceTitle "CBM 144 Extra"]
[Source "ChessBase"]
[SourceDate "2011.10.28"]
[SourceVersion "1"]
[SourceVersionDate "2011.10.28"]
[SourceQuality "1"]
[WhiteTeam "Dubrovnik"]
[BlackTeam "Djakovo"]
[WhiteTeamCountry "CRO"]
[BlackTeamCountry "CRO"]

1. e4 e6 2. d4 d5 3. Nd2 Nf6 4. e5 Nfd7 5. Bd3 c5 6. c3 Nc6 7. Ne2 cxd4 8. cxd4 Nb6 9. 0-0 Bd7 10. a3 a5 11. b3 a4 12. b4 Be7 13. Qc2 Rc8 14. Qb1 Na7 15. Bxh7 Bxb4 16. Qxb4 Rxh7 17. Nf3 Bb5 18. Re1 Bd3 19. Bg5 Qc7 20. Ng3 Nc6 21. Qd2 Bg6 22. Nh4 Nc4 23. Qc3 Qa5 24. Qxa5 N4xa5 25. Nxg6 fxg6 26. Ne2 Nb3 27. Rad1 b5 28. Bc1 Kd7 29. Bb2 Rh4 30. g3 Rhh8 31. h4 b4 32. Kg2 bxa3 33. Bxa3 Nca5 34. Rd3 Nc4 35. Bb4 Rb8 36. Bc3 Na3 37. Nf4 Rhc8 38. Rf3 Nc2 39. Rd1 a3 40. Nxg6 a2 41. Rf7+ Kd8 42. Bb2 Ncxd4 43. Bxd4 Nxd4 44. Rxg7 Rb1 45. Rxd4 Rg1+ 0-1

[Event "CRO-chT1B 20th"]
[Site "Sibenik"]
[Date "2011.10.08"]
[Round "5.4"]
[White "Tica, Sven"]
[Black "Brnas, Augustin"]
[Result "0-1"]
[WhiteElo "1725"]
[BlackElo "2286"]
[PlyCount "164"]
[EventDate "2011.10.04"]
[EventType "team-tourn"]
[EventRounds "9"]
[EventCountry "CRO"]
[SourceTitle "CBM 144 Extra"]
[Source "ChessBase"]
[SourceDate "2011.10.28"]
[SourceVersion "1"]
[SourceVersionDate "2011.10.28"]
[SourceQuality "1"]
[WhiteTeam "Rijeka II"]
[BlackTeam "Dubrovnik"]
[WhiteTeamCountry "CRO"]
[BlackTeamCountry "CRO"]

1. Nf3 Nf6 2. c4 g6 3. Nc3 Bg7 4. d4 d5 5. Qa4+ Bd7 6. Qb3 dxc4 7. Qxc4 0-0 8. e4 Bg4 9. e5 Nfd7 10. Be2 Nb6 11. Qd3 Nc6 12. Be3 Qd7 13. Rd1 Rad8 14. Qe4 Qf5 15. h3 Qxe4 16. Nxe4 Bc8 17. a3 Nd5 18. Bc1 Bf5 19. Nc3 Bc2 20. Rd2 Bb3 21. Bd1 Na5 22. Bxb3 Nxb3 23. Rd1 c5 24. Nxd5 Rxd5 25. dxc5 Rxd1+ 26. Kxd1 Nxc5 27. Be3 Nd7 28. Kc2 b6 29. Rd1 Rc8+ 30. Kb1 Nxe5 31. Nxe5 Bxe5 32. Rd7 Rc7 33. Rxc7 Bxc7 34. Kc2 Kf8 35. Kd3 Ke8 36. b3 Kd7 37. a4 Kc6 38. Kc4 a6 39. f3 Bd6 40. Bf2 b5+ 41. axb5+ axb5+ 42. Kd3 Kd5 43. Be3 f5 44. Bd4 e5 45. Bc3 Bc5 46. Bb2 e4+ 47. fxe4+ fxe4+ 48. Ke2 Be7 49. Ke3 Bg5+ 50. Ke2 Bf4 51. Ba3 Ke5 52. Bb4 Kf5 53. g4+ Kf6 54. Ba3 Ke5 55. Bb2+ Kd5 56. Bc3 Be5 57. Bb4 Kd4 58. Be1 e3 59. Bb4 Ke4 60. Bc5 Bd4 61. Bd6 Bc3 62. Bc5 Bd4 63. Bd6 Bb6 64. Bf8 Bd8 65. Bh6 Bb6 66. Bf8 Bc7 67. Bc5 Kf4 68. Bxe3+ Kg3 69. Bf2+ Kxh3 70. Kf3 h5 71. gxh5 gxh5 72. Be1 Bd6 73. Bf2 h4 74. Bg1 Bg3 75. Be3 Kh2 76. Bd4 Kh1 77. Ba7 Bh2 78. Bc5 Bg1 79. Bd6 Bb6 80. b4 Kg1 81. Ke4 Kg2 82. Kd5 Bf2 0-1

[Event "CRO-Cup 20th"]
[Site "Sibenik"]
[Date "2011.05.21"]
[Round "5.42"]
[White "Jukic, Branimir"]
[Black "Brnas, Augustin"]
[Result "0-1"]
[WhiteElo "2379"]
[BlackElo "2273"]
[PlyCount "86"]
[EventDate "2011.05.18"]
[EventType "team-swiss"]
[EventRounds "6"]
[EventCountry "CRO"]
[SourceTitle "CBM 142 Extra"]
[Source "ChessBase"]
[SourceDate "2011.06.27"]
[SourceVersion "1"]
[SourceVersionDate "2011.06.27"]
[SourceQuality "1"]
[WhiteTeam "Osijek"]
[BlackTeam "Dubrovnik"]
[WhiteTeamCountry "CRO"]
[BlackTeamCountry "CRO"]

1. e4 e5 2. Nf3 Nc6 3. Bb5 a6 4. Ba4 Nf6 5. 0-0 Be7 6. Re1 b5 7. Bb3 d6 8. c3 0-0 9. d4 Bg4 10. d5 Na5 11. Bc2 c6 12. h3 Bc8 13. dxc6 Qc7 14. Nbd2 Qxc6 15. Nf1 Re8 16. a4 Bb7 17. Ng3 g6 18. Qe2 Reb8 19. Bg5 Bc8 20. axb5 axb5 21. Nh2 Nc4 22. Bd3 Qc7 23. b3 Na5 24. Ra3 Nd5 25. exd5 Bxg5 26. Rea1 Bb7 27. Nf3 Bd8 28. Nd2 Qxc3 29. Nge4 Qb4 30. Qg4 Kf8 31. Qd7 Bxd5 32. Nxd6 Be7 33. Nf5 gxf5 34. Qxd5 Qxd2 35. b4 Bxb4 36. Qxe5 Bxa3 37. Qh8+ Ke7 38. Qe5+ Kd8 39. Bxb5 Bb2 40. Qe8+ Kc7 41. Qxf7+ Kb6 42. Rb1 Kxb5 43. Qxf5+ Ka6 0-1

[Event "CRO-chT1B 19th"]
[Site "Sibenik"]
[Date "2010.09.10"]
[Round "7"]
[White "Bozanic, Ivica"]
[Black "Brnas, Augustin"]
[Result "1/2-1/2"]
[WhiteElo "2249"]
[BlackElo "2281"]
[PlyCount "31"]
[EventDate "2010.09.04"]
[EventType "team-tourn"]
[EventRounds "9"]
[EventCountry "CRO"]
[SourceTitle "CBM 138 Extra"]
[Source "ChessBase"]
[SourceDate "2010.10.29"]
[SourceVersion "1"]
[SourceVersionDate "2010.10.29"]
[SourceQuality "1"]

1. e4 e5 2. Nf3 Nc6 3. Bb5 a6 4. Ba4 Nf6 5. 0-0 Be7 6. Re1 b5 7. Bb3 0-0 8. h3 Bb7 9. c3 d5 10. d3 Qd6 11. Nbd2 Rad8 12. Qe2 Rfe8 13. Nf1 dxe4 14. dxe4 Na5 15. Bc2 c5 16. g3 1/2-1/2

[Event "CRO-chT1B 19th"]
[Site "Sibenik"]
[Date "2010.09.04"]
[Round "1"]
[White "Brnas, Augustin"]
[Black "Ivic, Mateo"]
[Result "1-0"]
[WhiteElo "2281"]
[BlackElo "2272"]
[PlyCount "141"]
[EventDate "2010.09.04"]
[EventType "team-tourn"]
[EventRounds "9"]
[EventCountry "CRO"]
[SourceTitle "CBM 138 Extra"]
[Source "ChessBase"]
[SourceDate "2010.10.29"]
[SourceVersion "1"]
[SourceVersionDate "2010.10.29"]
[SourceQuality "1"]

1. e4 e5 2. Nf3 Nc6 3. Bb5 a6 4. Ba4 Nf6 5. 0-0 Be7 6. Re1 b5 7. Bb3 d6 8. c3 0-0 9. h3 Na5 10. Bc2 c5 11. d4 Nd7 12. Nbd2 exd4 13. cxd4 Nc6 14. Nf1 Nb6 15. d5 Nb4 16. Bb1 a5 17. a3 Na6 18. Ne3 Bf6 19. Ng4 Bxg4 20. hxg4 h6 21. Qc2 Be5 22. g5 hxg5 23. Bxg5 f6 24. Nxe5 dxe5 25. Bd2 Nc4 26. Bc1 Nd6 27. b3 Rc8 28. Qe2 c4 29. bxc4 bxc4 30. Bc2 Nb5 31. Be3 Qd6 32. Rec1 Nd4 33. Qg4 Nc5 34. Rab1 Rc7 35. Bd1 Nd3 36. Rc3 f5 37. exf5 Qxd5 38. f6 Rxf6 39. Qh3 Nf4 40. Rb8+ Kf7 41. Bxf4 exf4 42. Qh7 Rf5 43. Bg4 Rg5 44. Qg8+ Kg6 45. Qe8+ Kf6 46. Rb6+ Rc6 47. Qf8+ Kg6 48. Qe8+ Kf6 49. Rxc6+ Nxc6 50. Bf3 Qe6 51. Qxc6 Qxc6 52. Bxc6 Rc5 53. Ba4 Ke5 54. Kf1 Kd4 55. Rc1 Kd3 56. Ke1 Rh5 57. Bc2+ Kd4 58. Ke2 Re5+ 59. Kf3 g5 60. Bg6 Rb5 61. Kg4 Rb2 62. Rc2 Rxc2 63. Bxc2 Kc3 64. Bd1 Kb2 65. Kxg5 Kxa3 66. Kxf4 Kb4 67. Ke3 a4 68. Bxa4 Kxa4 69. Kd2 Kb3 70. Kc1 Kc3 71. g4 1-0

[Event "CRO-chT1B 18th"]
[Site "Sibenik"]
[Date "2009.09.21"]
[Round "1"]
[White "Novak, Ratko"]
[Black "Brnas, Augustin"]
[Result "0-1"]
[WhiteElo "2199"]
[BlackElo "2304"]
[PlyCount "84"]
[EventDate "2009.09.21"]
[EventType "team-tourn"]
[EventRounds "9"]
[EventCountry "CRO"]
[SourceTitle "EXT 2010"]
[Source "ChessBase"]
[SourceDate "2010.11.25"]
[SourceVersion "1"]
[SourceVersionDate "2010.11.25"]
[SourceQuality "1"]

1. d4 Nf6 2. c4 g6 3. Nc3 d5 4. cxd5 Nxd5 5. e4 Nxc3 6. bxc3 Bg7 7. Bc4 c5 8. Ne2 cxd4 9. cxd4 Nc6 10. Be3 0-0 11. 0-0 Bg4 12. f3 Na5 13. Bxf7+ Rxf7 14. fxg4 Rxf1+ 15. Kxf1 Qd7 16. h3 Nc4 17. Qb3 b5 18. Rd1 e5 19. d5 a5 20. Bf2 a4 21. Qb4 Bf8 22. Qc3 Rc8 23. Kg1 b4 24. Qg3 Qb5 25. Nc1 Bd6 26. g5 Nb2 27. Qg4 Qe8 28. Rf1 Rc2 29. Be3 Nc4 30. Ba7 Qe7 31. Kh1 Nd2 32. Qd1 Nxf1 33. Qxc2 Qxa7 34. Qd3 Qf2 35. Qa6 Ng3+ 36. Kh2 Nxe4 37. Nd3 Qg3+ 38. Kg1 Qxg5 39. Qc4 Qe3+ 40. Kh2 Nc5 41. Qg4 e4+ 42. Kh1 exd3 0-1